[Event "GER-ch U12"]
[Site "Oberhof"]
[Date "2013.05.20"]
[Round "3"]
[White "Enache, Rares"]
[Black "Zienert, Richard"]
[Result "1-0"]
[WhiteElo "1628"]
[BlackElo "1846"]
[PlyCount "77"]
[EventDate "2013.05.19"]
[EventType "swiss"]
[EventRounds "11"]
[EventCountry "GER"]
[SourceTitle "CBM 154 Extra"]
[Source "ChessBase"]
[SourceDate "2013.06.25"]
[SourceVersion "2"]
[SourceVersionDate "2013.06.25"]
[SourceQuality "1"]

1. e4 c5 2. Nf3 e6 3. d4 cxd4 4. Nxd4 a6 5. Be3 Nf6 6. Nc3 Qc7 7. a3 Nc6 8. Be2 Be7 9. f4 0-0 10. 0-0 b5 11. e5 Ne8 12. Nxc6 dxc6 13. Qe1 Bb7 14. Rd1 c5 15. Bf3 Rc8 16. Rd2 Bxf3 17. Rxf3 Rd8 18. Rxd8 Qxd8 19. Rf2 g6 20. Rd2 Qc7 21. Qd1 Qc6 22. Rd7 Ng7 23. g4 b4 24. Rxe7 bxc3 25. bxc3 Qe4 26. Qd2 Qf3 27. Rd7 Qxg4+ 28. Qg2 Qh4 29. Qg3 Qh5 30. Bxc5 Rb8 31. Rd2 Nf5 32. Qg5 Rb1+ 33. Kg2 Nh4+ 34. Kh3 Nf3+ 35. Qxh5 gxh5 36. Rg2+ Kh8 37. Be7 Ng1+ 38. Kh4 Nf3+ 39. Kxh5 1-0

[Event "GER-ch U12"]
[Site "Oberhof"]
[Date "2013.05.19"]
[Round "1"]
[White "Bureik, Nicolas"]
[Black "Enache, Rares"]
[Result "0-1"]
[WhiteElo "1183"]
[BlackElo "1628"]
[PlyCount "70"]
[EventDate "2013.05.19"]
[EventType "swiss"]
[EventRounds "11"]
[EventCountry "GER"]
[SourceTitle "CBM 154 Extra"]
[Source "ChessBase"]
[SourceDate "2013.06.25"]
[SourceVersion "2"]
[SourceVersionDate "2013.06.25"]
[SourceQuality "1"]

1. d4 f5 2. e4 fxe4 3. Nc3 Nf6 4. Bg5 Nc6 5. Bxf6 exf6 6. Nxe4 Qe7 7. Qe2 Nxd4 8. Qd3 Nxc2+ 9. Qxc2 f5 10. 0-0-0 Qxe4 11. Qxc7 Qc6+ 12. Qxc6 dxc6 13. Re1+ Kd8 14. Nf3 Bc5 15. Ng5 Kc7 16. Ne6+ Bxe6 17. Rxe6 Rhe8 18. Rxe8 Rxe8 19. f3 Be3+ 20. Kc2 Kb6 21. Bd3 g6 22. Re1 Kc5 23. f4 Kd6 24. Bxf5 gxf5 25. Kd3 Re4 26. Rxe3 Rxf4 27. Rf3 Rxf3+ 28. gxf3 Ke5 29. Ke3 f4+ 30. Ke2 Kd4 31. Kd2 a5 32. h4 h5 33. b3 b5 34. a3 b4 35. a4 c5 0-1

[Event "Sachsen-ch U12"]
[Site "Sebnitz"]
[Date "2013.04.06"]
[Round "7"]
[White "Enache, Rares"]
[Black "Zienert, Richard"]
[Result "1-0"]
[WhiteElo "1545"]
[BlackElo "1769"]
[PlyCount "103"]
[EventDate "2013.04.02"]
[EventType "swiss"]
[EventRounds "7"]
[EventCountry "GER"]
[SourceTitle "EXT 2014"]
[Source "ChessBase"]
[SourceDate "2013.11.20"]
[SourceVersion "1"]
[SourceVersionDate "2013.11.20"]
[SourceQuality "1"]

1. e4 c5 2. Nf3 d6 3. d4 cxd4 4. Nxd4 Nf6 5. Nc3 a6 6. Be3 e6 7. Be2 Nbd7 8. Nb3 b5 9. a3 Bb7 10. f3 Rc8 11. 0-0 Be7 12. Qe1 0-0 13. Rd1 Qc7 14. Qg3 d5 15. Qxc7 Rxc7 16. exd5 Nxd5 17. Nxd5 Bxd5 18. Na1 Nc5 19. Rd2 Na4 20. c3 Bc5 21. Bxc5 Nxc5 22. Rfd1 Rcc8 23. Kf2 Nb3 24. Rxd5 exd5 25. Nxb3 Rfd8 26. Bd3 f6 27. Bf5 Rc7 28. Rxd5 Re8 29. Rd2 g6 30. Rd7 Rcc8 31. Be4 f5 32. Bb7 Rcd8 33. Rxd8 Rxd8 34. Bxa6 Rd1 35. Kg3 Rb1 36. Bxb5 Rxb2 37. a4 Kg7 38. Nd4 Ra2 39. c4 Rd2 40. Nc6 g5 41. a5 h5 42. a6 h4+ 43. Kh3 Kh6 44. Ne7 Ra2 45. Nxf5+ Kg6 46. Ne7+ Kh5 47. Nc8 Ra3 48. g4+ hxg3 49. hxg3 Rxf3 50. Bc6 Ra3 51. a7 Ra2 52. g4+ 1-0